000 01457nam a2200157 a 4500
999 _c1472
_d1472
020 _a9788125937104
050 _aHD31
_b.B43
100 _aBhattacharyya, D. K
245 _aIndustrial management
_b
_cD. K. Bhattacharyya.
260 _aNew Delhi:
_bVikas Publishing House Pvt, Ltd.,
_c2009.
300 _a vii, 528p. ;
_bill.
_c24 cm.
500 _aIncludes index.
505 _aChapter 1. Introduction to industrial management, Chapter 2. Organisational planning, Chapter 3. Organising Chapter 4. Staffing in organisation, Chapter 5. Direction and motivation in organisation, Chapter 6. Leadership, Chapter 7. Organisational control, Chapter 8. Coordination in organisations, Chapter 9. Forms of organisation, Chapter 10. Introduction to human resource management, Chapter 11. Organisational behavior and employee perception, Chapter 12. Training, development and performance appraisal, Chapter 13. Communication in organizations, Chapter 14. Industrial relations and labour welfare, Chapter 15. Introduction to production and operations management, Chapter 16. Production planning and control Chapter 17. New product planning and development Chapter 18. Scheduling and sequencing of production Chapter 19. Work study Chapter 20. Maintenance management Chapter 21. Quality management practices Chapter 22. Marketing management Chapter 23. Materials management and inventory
650 _aIndustrial management.
942 _cBK